Organizations : rational, natural, and open systems

Saved in:
Bibliographic Details
Main Author: Scott, W. Richard
Format: Book
Published: Englewood Cliffs: Prentice-Hall, ©1987
Edition:2nd ed.
Subjects:
Tags: Add Tag
No Tags, Be the first to tag this record!

MARC

LEADER 00000nam a2200000 4500
020 |a 0136406653  |c NA 
040 |a MUL  |b eng.  |e AACR 
082 |a 302.35 SCO 
100 |a Scott, W. Richard 
245 |a Organizations : rational, natural, and open systems 
250 |a 2nd ed. 
260 |a Englewood Cliffs:  |b Prentice-Hall,   |c ©1987 
300 |a xvii, 377 p. :  |c 24 cm. 
504 |a Includes bibliographical reference and index 
546 |a eng. 
650 |a Sociology 
650 |a  Administration 
942 |c BK 
999 |c 7409  |d 7409